00958nam a22002537a 4500003000500000005001700005008004100022010001100063011001100074035001100085040000900096100002500105245019500130260004000325500006000365502008700425650003400512650002600546650002500572650001200597650001500609856006400624856001600688CHAP20220329143759.0110811s2011 mx r 00010 spa d a101796 a102768 a113457 cCHAP1 aBarreto Nila, Israel10aEvaluación del efecto de retenedóres de agua en el establecimiento y crecimiento inicial de Juniperus flaccida schlechtendal en Ixcateopán, Gro.h[En línea]c/por Israel Barreto Nila aChapingo, Méx. :bEl autor,c2011 aPara ver el contenido del material haga clic en la liga aTesis (Ing. en Restauración Forestal) -- UACH. División de Ciencias Forestales04aPlantas y jardines miniatura.14aAgua para irrigacion.14aÁrbolesxGuerrero.14aBonsai.14aJuniperus. 3Finding aiduhttp://10.13.5.2/tesis/113457.pdfzTeclea Aqui a1 n0000782